000 01094naa a22003017a 4500
001 BR9400778
003 BR-BrBNA
005 20250721155434.0
007 ta
008 250630b bl.|||m| |||| 00| 0 por d
040 _aBR-BrBNA
_bpor
_cBiblioteca Nacional de Agricultura
041 _a(Pt)
072 _aF08
_b0170
_b1440
090 _aF08 BR9400778
100 1 _aPinto, C.A. de S.
100 1 _aSilva, F.L. da
100 1 _aVidal, J.C.
245 1 _aEstudo da viabilidade tecnica do consorcio sorgo granifero x feijao vigna
500 _aRelatorio Anual de Pesquisa 1980/1992 Fortaleza, CE (Brasil): 1993. v. 2 p. 450-473 [Summary (Pt); 13 tables; 6 ref.] (BR9400778-AMS)
773 0 _tRelatorio Anual de Pesquisa 1980/1992
_wF08 BR9400778
_gFortaleza, CE (Brasil), 1993. v. 2 p. 450-473
650 _aSorgo Granifero
650 _aFeijao de Corda
650 _aConsorciacao de Cultura
650 _aRendimento
490 _aRelatorio Anual de Pesquisa - Empresa de Pesquisa Agropecuaria do Ceara (Brazil)
942 _cAMS
_2AGRIS
909 _a202506
_bLúcia
_c55
_dLúcia Elande
999 _c336495
_d336495